Valparaiso's First Century. A Centennial History of Valparaiso University.

Збережено в:
Бібліографічні деталі
Автор: Strietelmeier, John (Автор)
Формат: Книга
Мова:Англійська
Опубліковано: Valparaíso, Chile: Valparaíso University, 1959.
Предмети:
Теги: Додати тег
Немає тегів, Будьте першим, хто поставить тег для цього запису!

MARC

LEADER 00000nam a22000007a 4500
003 CL-VaPUC
005 20250106155201.0
008 241213t1959 ||||| |||| 00| 0 eng d
999 |c 446326  |d 446324 
040 |c Pontificia Universidad Católica de Valparaíso 
082 |2 22  |a 378.77298 STR 1959 
100 |9 894873  |a Strietelmeier, John  |e author 
245 |a Valparaiso's First Century.  |b A Centennial History of Valparaiso University. 
260 |a Valparaíso, Chile:  |b Valparaíso University,   |c 1959. 
300 |a xvi, 189 páginas. 
500 |a c.1 Donación P.I.I.E. 2-12-2024. 
583 |c 20241213  |k Yessy Sthefany Diaz Vidal 
610 0 |9 867311  |a Universidad de Valparaíso  |v Historia institucional  |y 1859-1959  |z Valparaiso (Indiana), Estados Unidos de América 
610 0 |9 894874  |a Valparaíso University  |v Institutional history  |y 1859-1959  |z Valparaiso (Indiana), United States of América 
650 0 |9 223851  |a Educación superior   |v Historia  |z U.S.A. 
942 |2 ddc  |c BK 
952 |0 0  |1 0  |2 ddc  |4 0  |6 378_772980000000000_STR_1959  |7 0  |8 A  |9 598675  |a BIBGIM  |b BIBGIM  |d 2024-12-13  |e Donación  |i 5663618  |o 378.77298 STR 1959  |p 5663618  |r 2025-01-15  |t 1  |w 2024-12-13  |y BK  |k ELE